Don't panic: behaviour in major incidents (Record no. 48391)

000 -LEADER
fixed length control field 00868pab a2200145 454500
008 - FIXED-LENGTH DATA ELEMENTS--GENERAL INFORMATION
fixed length control field 180718b2001 xxu||||| |||| 00| 0 eng d
100 ## - MAIN ENTRY--PERSONAL NAME
Personal name Shaw, Richard
245 ## - TITLE STATEMENT
Title Don't panic: behaviour in major incidents
260 ## - PUBLICATION, DISTRIBUTION, ETC.
Date of publication, distribution, etc. 2001
300 ## - PHYSICAL DESCRIPTION
Extent p.5-10
520 ## - SUMMARY, ETC.
Summary, etc. Argues that there are real misunderstandings about survivors' reactions and their abilities to act rationally and altruistically immediately in the aftermath of a disaster. Illustrates, with case histories from the Thorpe Park fire, a BA jumbo incident, the Paddington rail crash and others. People can and do act rationally, fearlessly and selflessly after major incidents, often reducing loss of life, introducing some sense of order and beginning the real job of rescue and care for the injured. - Reproduced
650 ## - SUBJECT ADDED ENTRY--TOPICAL TERM
Topical term or geographic name entry element Disasters
773 ## - HOST ITEM ENTRY
Main entry heading Disaster Prevention and Management
909 ## -
-- 48391
Holdings
Withdrawn status Lost status Damaged status Not for loan Permanent Location Current Location Date acquired Serial Enumeration / chronology Barcode Date last seen Price effective from Koha item type
        Indian Institute of Public Administration Indian Institute of Public Administration 2018-07-19 Volume no: 10, Issue no: 1 AR48819 2018-07-19 2018-07-19 Articles

Powered by Koha